| 000 | 00521nam a22001817a 4500 | ||
|---|---|---|---|
| 003 | OSt | ||
| 005 | 20180116183106.0 | ||
| 008 | 170807b xxu||||| |||| 00| 0 eng d | ||
| 020 | _a8177220411 | ||
| 040 | _c0 | ||
| 082 | _a005.75 AUL 1990 | ||
| 100 | _aMichael R. Ault | ||
| 245 |
_aOracle8 DBA: SQL And PL/SQL _bThe Smart Way to Get Certified _cMichael R. Ault |
||
| 260 |
_aNew Delhi _bdreamtech Press _c1990 |
||
| 300 |
_a415p. _bpb. |
||
| 440 | _aOracle8 DBA: SQL And PL/SQL | ||
| 942 |
_2ddc _cBK _k005.75 AUL 1990 |
||
| 999 |
_c352059 _d352059 |
||